000 00326nam a2200121Ia 4500
008 190216s9999||||xx |||||||||||||| ||und||
100 _a"Chaptopadhyay D, Rakshit P C, Saha B&Amp;Purkait N N"
245 0 _aFoundations Of Electronics
260 _bWiley Eastern Ltd
_c1988
300 _a456p
650 _aPhysics
942 _cBK
999 _c33156
_d33156